Kalný, Slavo: Zabudnite na Kocha

Bibliographic Details
Main Author: Šeďová, Božena, 1959- (Author)
Format: Article
Language:Slovak
Subjects:

MARC

LEADER 00000nab a2200000 a 4500
001 vtls010086951
003 SK-MaSNL
005 20260304162854.0
008 250507c2009 xo qr|p|||||||000 b|slo
015 |a SNBRB2010/04  |2 snkbucl 
035 |a urn:nbn:sk:snk-ab8d4n 
035 |a (urnnbn)urn:nbn:sk:snk:ar-a084qr 
035 |a (uuid)406fe09e-23db-4d25-84c3-591a1b010fa1 
038 |a SNKBUCL 
040 |a SNKBUCL  |b slo  |c SNKBUCL  |e AACR2 
041 0 |a slo 
044 |a xo  |c SK 
080 |a 61-051  |x (048)  |2 2001 
080 |a 37-051  |x (048)  |2 2001 
100 1 |a Šeďová, Božena,  |d 1959-  |4 aut  |9 179727 
245 1 0 |a Kalný, Slavo: Zabudnite na Kocha  |c B. Šeďová 
600 1 7 |a Koch, Karel František,  |d 1890-1981  |2 snkbucl  |9 163053 
650 0 7 |a biografie  |2 snkbucl  |9 111226 
655 7 |a anotácie  |2 snkbucl  |9 51989 
773 0 |t Vojenská história  |g Roč. 13, č. 3 (2009), s. 173-174  |x 1335-3314 
787 0 8 |i Rec.:  |a Kalný, Slavo, 1929-  |t Zabudnite na Kocha  |d Bratislava : Albert Marenčin, Vydavateľstvo PT, 2008  |z 9788089218943 
850 |a Slovenská národná knižnica 
852 |a Slovenská národná knižnica 
954 |a odborná, vedecká literatúra pôvodná (slovenská)  |2 lita 
958 |a article9 
958 |a OND 
958 |a RC 
958 |a EUIPO 
999 |c 2975813  |d 2977743